Control de costes por método G.P (Registro nro. 2052)
[ vista simple ]
| 000 -LEADER | |
|---|---|
| fixed length control field | 00782 a2200205 4500 |
| 001 - CONTROL NUMBER | |
| control field | 30197 |
| 005 - DATE AND TIME OF LATEST TRANSACTION | |
| control field | 20260407155613.0 |
| 008 - FIXED-LENGTH DATA ELEMENTS--GENERAL INFORMATION | |
| fixed length control field | 260407a1968 arg spa d |
| 003 - CONTROL NUMBER IDENTIFIER | |
| control field | AR-UNSa-BCEJYS |
| 040 ## - CATALOGING SOURCE | |
| Original cataloging agency | AR-UNSa-BCEJYS |
| Language of cataloging | spa |
| Transcribing agency | AR-UNSa-BCEJYS |
| 080 ## - UNIVERSAL DECIMAL CLASSIFICATION NUMBER | |
| Universal Decimal Classification number | 657.474 |
| Common auxiliary subdivision | Tratamiento de los costos<br/> |
| 100 1# - MAIN ENTRY--PERSONAL NAME | |
| Personal name | Perrin, G. |
| 245 10 - TITLE STATEMENT | |
| Title | Control de costes por método G.P |
| 264 #1 - PRODUCTION, PUBLICATION, DISTRIBUTION, MANUFACTURE, AND COPYRIGHT NOTICE | |
| Place of production, publication, distribution, manufacture | Madrid : |
| Name of producer, publisher, distributor, manufacturer | Iberico Europea de Ediciones |
| Date of production, publication, distribution, manufacture, or copyright notice | 1968 |
| 300 ## - PHYSICAL DESCRIPTION | |
| Extent | 227 p. |
| Dimensions | 22 cm. |
| 505 ## - FORMATTED CONTENTS NOTE | |
| Formatted contents note | 1. Conceptos previos - 2. Teoría del metodo G.P. - 3. Los gastos y cargas.Contablidad y extracontabilidad - 4. Aplicación del método G.P. - 5. Posibilidades del método G.P. - 6. Desarrollo del método G.P. |
| 590 ## - LOCAL NOTE (RLIN) | |
| Local note | niveau_biblio:m niveau_hierar:0 |
| 700 1# - ADDED ENTRY--PERSONAL NAME | |
| Personal name | Bronte Chueca, J. |
| 942 ## - ADDED ENTRY ELEMENTS (KOHA) | |
| Koha item type | |
| Withdrawn status | Lost status | Damaged status | Not for loan | Home library | Current library | Shelving location | Date acquired | Total checkouts | Full call number | Barcode | Date last seen | Price effective from | Koha item type |
|---|---|---|---|---|---|---|---|---|---|---|---|---|---|
| Biblioteca Prof. Eusebio Cleto del Rey | Biblioteca Prof. Eusebio Cleto del Rey | 07/04/2026 | 657.474 P456 | L23921 | 07/04/2026 | 07/04/2026 | Libro |